000 00412pab a2200169 454500
008 180718b2012 xxu||||| |||| 00| 0 eng d
100 _aMalik, Sonia
245 _aA study on begging: A social stigma - an Indian perspective
260 _c2012
300 _ap.187-199.
362 _aOct
650 _aPoverty
700 _aRoy, Sanjay
773 _aJournal of Human Values
908 _aN
909 _a98081
999 _c98080
_d98080